| 000 | 00976nam a22002654a 4500 | ||
|---|---|---|---|
| 001 | 198225 | ||
| 005 | 20260528183558.0 | ||
| 008 | 260414b2026 sp ||||| |||| 00| 0 spa d | ||
| 017 | _aM 4582-2026 | ||
| 020 | _a978-84-09-71479-7 | ||
| 040 |
_bspa _cES-MaACL |
||
| 100 |
_aSerifi Villar, Mohammed _9242988 |
||
| 245 | _aBajo un cielo cuadrado | ||
| 250 | _aPrimera Edición: marzo 2026 | ||
| 300 |
_a292 páginas _c21 cm |
||
| 336 |
_2rdacontent _atexto |
||
| 337 |
_2rdamedia _asin mediación |
||
| 338 |
_2rdacarrier _avolumen |
||
| 500 | _aRegistro provisional. A-16110. Depósito 1 | ||
| 852 |
_aES-MaACL _cDEPO1 _jA-16110 _gDedicatoria autógrafa del autor _hDonación: Mohammed Serifi Villar _xEncuadernación rustica con solapas _zEn proceso |
||
| 942 |
_2udc _cMONOGRAFIA _n0 |
||
| 999 |
_c198225 _d198225 |
||